منهج الإمام أبي حنيفة في توثيق السنة : دراسة مقارنة مع منهج أهل الحديث /
Saved in:
| Main Author: | |
|---|---|
| Other Authors: | |
| Format: | Thesis |
| Language: | Arabic |
| Published: |
Gombak, Selangor :
al-Jami'ah al-Islamiyah al-'Alamiyah Maliziya ,
2008
|
| Subjects: | |
| Online Access: | http://studentrepo.iium.edu.my/handle/123456789/8822 |
| Tags: |
Add Tag
No Tags, Be the first to tag this record!
|
| LEADER | 023000000a22003970004500 | ||
|---|---|---|---|
| 001 | 426588 | ||
| 005 | 20090806111900.0 | ||
| 008 | 090219s2008 my g 000 0 ara d | ||
| 035 | |a (Sirsi) 426588 | ||
| 040 | |a UIAM |b eng | ||
| 041 | 0 | |a ara | |
| 050 | 0 | 4 | |a BP136.42 |
| 100 | 1 | |a إسلام، محمد أمين | |
| 242 | 1 | 0 | |a Manhaj al-Imam Abi Hanifah fi tawthiq al-Sunnah : |b dirasah muqaranah ma'a manhaj ahl al-hadith |
| 245 | 1 | 0 | |a منهج الإمام أبي حنيفة في توثيق السنة : |b دراسة مقارنة مع منهج أهل الحديث / |c إعداد، محمد أمين الإسلام |
| 260 | |a Gombak, Selangor : |b al-Jami'ah al-Islamiyah al-'Alamiyah Maliziya , |c 2008 | ||
| 300 | |a ل، 175 leaves ; |c 30 cm. | ||
| 500 | |a Abstracts in English and Arabic. | ||
| 500 | |a "Bahth takmili muqaddam li-nayl darjat al-majistir fi 'Ulum al-Wahy wa-al-Turath (Qism al-Qur'an wa-al-Sunnah)"--On t.p. | ||
| 502 | |a Thesis (MIRK)--International Islamic University Malaysia, 2008. | ||
| 504 | |a Includes bibliographical references (leaves 160-175). | ||
| 530 | |a Also available on 4 3/4 in. computer optical disc. | ||
| 596 | |a 1 | ||
| 600 | 1 | 4 | |a Abu Hanifah, |d d. 767 or 8. |x Views on the authoritativeness of hadith |
| 650 | 0 | |a Hadith |x Authorities Criticism, interpretation, etc. | |
| 655 | 0 | 7 | |a Theses, IIUM local |
| 690 | 0 | |a Dissertations, Academic |x Department of Qur'an and Sunnah Studies |z IIUM | |
| 700 | 1 | 0 | |a Islam, Muhammad Amin |
| 710 | 2 | |a International Islamic University Malaysia. |b Department of Arabic Language and Literature | |
| 730 | 0 | |a Manhaj al-Imam Abi Hanifah fi tawthiq al-Sunnah : dirasah muqaranah ma'a manhaj ahl al-Hadith. (Electronic resource) | |
| 856 | 4 | |u http://studentrepo.iium.edu.my/handle/123456789/8822 | |
| 900 | |a os-naw-zhmn-ami-naw | ||
| 999 | |c 433303 |d 463143 | ||
| 952 | |0 0 |6 LU T BP136.42I82M 2008 |7 0 |8 THESES |9 753137 |a IIUM |b IIUM |c CLOSEACCES |g 0.00 |o lu t BP136.42I82M 2008 |p 00011033365 |r 2017-10-24 |t 1 |v 0.00 |y THESIS | ||
| 952 | |0 0 |6 T BP 000136.42 I82M 2008 |7 0 |8 THESES |9 756140 |a IIUM |b IIUM |c MULTIMEDIA |g 0.00 |o t BP136.42I82M 2008 |p 00011275258 |r 2017-10-17 |t 2 |v 0.00 |y THESIS | ||
| 952 | |0 0 |6 TS CDF BP136.42I82M 2008 |7 0 |8 THESES |9 832865 |a IIUM |b IIUM |c MULTIMEDIA |g 0.00 |o ts cdf BP136.42I82M 2008 |p 11100325387 |r 2017-10-26 |t 1 |v 0.00 |y THESISDIG | ||
